Markets (Record no. 84267)

MARC details
000 -LEADER
fixed length control field 01020cab a22002295a 4500
001 - CONTROL NUMBER
control field L157143
008 - FIXED-LENGTH DATA ELEMENTS--GENERAL INFORMATION
fixed length control field 120910e2012 xxk 000 0 eng d
035 ## - SYSTEM CONTROL NUMBER
System control number (Sirsi) u157143
041 0# - LANGUAGE CODE
Language code of text/sound track or separate title eng
100 1# - MAIN ENTRY--PERSONAL NAME
Personal name Eade, Christine
245 00 - TITLE STATEMENT
Title Markets
Remainder of title Hampshire, Dorset and Wiltshire
260 ## - PUBLICATION, DISTRIBUTION, ETC.
Date of publication, distribution, etc. 2012
490 #0 - SERIES STATEMENT
Series statement Property Week
Volume/sequential designation 78(35) 31 August 2012, 35-38(4)
520 ## - SUMMARY, ETC.
Summary, etc. Survey of recent activity in the regional commercial and residential property markets: Portsmouth's new shopping centre delayed by five years and will be half original proposed size; Dorchester's regeneration scheme centred on Brewery Square surges ahead on the back of lettings; an application is being prepared for 3 850-home village on ex-MoD land north of Aldershot; and Danish Fund, Danmerc, has paid over £26m for Skandia House in Southampton.
590 ## - LOCAL NOTE (RLIN)
Local note KA
651 #4 - SUBJECT ADDED ENTRY--GEOGRAPHIC NAME
Geographic name Hampshire
651 #4 - SUBJECT ADDED ENTRY--GEOGRAPHIC NAME
Geographic name Dorset
651 #4 - SUBJECT ADDED ENTRY--GEOGRAPHIC NAME
Geographic name Wiltshire
690 ## - LOCAL SUBJECT ADDED ENTRY--TOPICAL TERM (OCLC, RLIN)
Topical term or geographic name as entry element Commercial property
9 (RLIN) 6227
690 ## - LOCAL SUBJECT ADDED ENTRY--TOPICAL TERM (OCLC, RLIN)
Topical term or geographic name as entry element Residential property
9 (RLIN) 6266
942 ## - ADDED ENTRY ELEMENTS (KOHA)
Suppress in OPAC 0
Holdings
Withdrawn status Lost status Source of classification or shelving scheme Damaged status Not for loan Home library Current library Shelving location Date acquired Total Checkouts Full call number Barcode Date last seen Copy number Price effective from Koha item type
    Dewey Decimal Classification     London London Journal article 09/09/2012   L157143 157143-1001 06/08/2019 1 06/08/2019 Journal article